L'étranger: -Journées Luxembourgeoises-

-д хадгалсан:
Номзүйн дэлгэрэнгүй
Үндсэн зохиолч: Association Henri Capitant (Зохиогч)
Формат: Ном
Хэл сонгох:франц
Хэвлэсэн: París Libraire Génerale de Droit et de Jurisprudence 2000
Хэвлэл:1a. ed
Цуврал:Travaux de L'Association Henri Capitant des Amis de la Culture Juridique Francaise, 48
Нөхцлүүд:
Шошгууд: Шошго нэмэх
Шошго байхгүй, Энэхүү баримтыг шошголох эхний хүн болох!

MARC

LEADER 00000cam a2200000 a 4500
001 UCD3613
003 CL-VaPUC
008 160609e20000400fr |||||||||||||||||fre|d
020 |a 227501876X 
082 0 4 |a 344.4401  |b ASS  |2 21 
100 0 |a Association Henri Capitant  |e author  |9 587149 
245 1 2 |a L'étranger: -Journées Luxembourgeoises- 
250 |a 1a. ed 
300 |a 777 p 
942 |c BK 
945 |d 20160609 22:21:00  |a arojas 
260 |a París  |b Libraire Génerale de Droit et de Jurisprudence  |c 2000 
500 |a 1997 
650 0 |a Trabajadores extranjeros  |9 492194 
650 7 |a DERECHO LABORAL  |2 CL-VaPUC  |9 15 
651 0 |a Francia  |9 255157 
583 |a last modification  |c 20160609 22:21:00  |k Rodrigo Vera 
490 0 |a Travaux de L'Association Henri Capitant des Amis de la Culture Juridique Francaise, 48 
999 |c 364649  |d 364647 
952 |0 0  |1 0  |3 erb  |4 0  |6 344_440100000000000_ASS_2000  |7 0  |8 A  |9 478203  |a BIBDER  |b BIBDER  |i 5313155  |o 344.4401 ASS 2000  |p 5313155  |r 2023-01-25  |w 2019-11-24  |y BK  |z Catalogado en:20160609  |k DER